Normal view
MARC view
- Lakshmidevi S
Entry Personal Name
001 - CONTROL NUMBER
- control field: 2772
003 - CONTROL NUMBER IDENTIFIER
- control field: OSt
005 - DATE AND TIME OF LATEST TRANSACTION
- control field: 20180207125345.0
008 - FIXED-LENGTH DATA ELEMENTS
- fixed length control field: 180207|| aca||aabn | a|a d
040 ## - CATALOGING SOURCE
- Original cataloging agency: OSt
- Transcribing agency: OSt
100 ## - HEADING--PERSONAL NAME
- Personal name: Lakshmidevi S
670 ## - SOURCE DATA FOUND
- Source citation: Work cat.: (OSt): JYOTHISSON GEORGE 2771, Assessment of roof water harvesting potential and recharge pit design
